Darts Quiz - Statistics

General Stats
  • This quiz has been taken 126 times
  • The average score is 20 of 32
Answer Stats
Answer % Correct
Michael Smith
94%
Ross Smith
94%
Gerwyn Price
93%
Luke Humphries
91%
Peter Wright
91%
Michael van Gerwen
82%
Gary Anderson
81%
Rob Cross
81%
Nathan Aspinall
77%
Jonny Clayton
73%
Raymond van Barneveld
71%
Chris Dobey
66%
James Wade
61%
Dave Chisnall
60%
Danny Noppert
59%
Dimitri Van den Bergh
58%
Stephen Bunting
57%
Joe Cullen
56%
Daryl Gurney
54%
Brendan Dolan
52%
Gabriel Clemens
51%
Josh Rock
51%
Dirk van Duijvenbode
50%
Damon Heta
45%
Martin Schindler
45%
Ryan Searle
42%
Andrew Gilding
41%
Jose de Sousa
41%
Krzysztof Ratajski
41%
Kim Huybrechts
38%
Madars Razma
32%
Callan Rydz
27%
No matching quizzes found
Score Distribution
Percent of People with Each Score
Percentile by Number Answered
Your Score History
You have not taken this quiz